| Поле | Название | Значение |
| |
Тип записи |
a |
| |
Библиографический уровень |
m |
| 001 |
Контрольный номер |
RU\infra-m\znanium\bibl\2173261 |
| 005 |
Дата корректировки |
20260429142124.5 |
| 008 |
Кодируемые данные |
240916s2024 RU g rus u |
| 020 |
Индекс ISBN |
__ |
| a |
ISBN |
978-5-9729-2134-8 |
| 040 |
Источник каталогиз. |
__ |
| a |
Служба первич. каталог. |
Общество с ограниченной ответственностью «ЗНАНИУМ» |
| 041 |
Код языка издания |
__ |
| a |
Код языка текста |
rus |
| 044 |
Код страны публикации |
__ |
| a |
Код страны публикации |
RU |
| 080 |
Индекс УДК |
__ |
| a |
Индекс УДК |
621 |
| 084 |
Индекс другой классификации/Индекс ББК |
__ |
| 2 |
Источник индекса |
rubbk |
| a |
Индекс другой классификации/Индекс ББК |
3284 |
| 084 |
Индекс другой классификации/Индекс ББК |
__ |
| 2 |
Источник индекса |
okso |
| a |
Индекс другой классификации/Индекс ББК |
11.03.01 |
| 084 |
Индекс другой классификации/Индекс ББК |
__ |
| 2 |
Источник индекса |
okso |
| a |
Индекс другой классификации/Индекс ББК |
11.03.02 |
| 084 |
Индекс другой классификации/Индекс ББК |
__ |
| 2 |
Источник индекса |
okso |
| a |
Индекс другой классификации/Индекс ББК |
11.04.01 |
| 084 |
Индекс другой классификации/Индекс ББК |
__ |
| 2 |
Источник индекса |
okso |
| a |
Индекс другой классификации/Индекс ББК |
11.04.02 |
| 084 |
Индекс другой классификации/Индекс ББК |
__ |
| 2 |
Источник индекса |
okso |
| a |
Индекс другой классификации/Индекс ББК |
13.03.02 |
| 084 |
Индекс другой классификации/Индекс ББК |
__ |
| 2 |
Источник индекса |
okso |
| a |
Индекс другой классификации/Индекс ББК |
13.04.02 |
| 084 |
Индекс другой классификации/Индекс ББК |
__ |
| 2 |
Источник индекса |
okso |
| a |
Индекс другой классификации/Индекс ББК |
13.05.02 |
| 084 |
Индекс другой классификации/Индекс ББК |
__ |
| 2 |
Источник индекса |
okso |
| a |
Индекс другой классификации/Индекс ББК |
14.05.04 |
| 100 |
Автор |
__ |
| a |
Автор |
Воржев В.Б. |
| q |
Полное имя |
Воржев Владимир Борисович |
| u |
Дополнение |
Донской государственный технический университет |
| 245 |
Заглавие |
__ |
| a |
Заглавие |
Электрические цепи и электронные устройства. Сборник задач |
| b |
Продолж. заглавия |
Учебное пособие |
| c |
Ответственность |
Донской государственный технический университет |
| 260 |
Выходные данные |
__ |
| a |
Место издания |
Вологда |
| b |
Издательство |
Инфра-Инженерия |
| c |
Дата издания |
2024 |
| 300 |
Физическое описание |
__ |
| a |
Объем |
96 с. |
| 520 |
Аннотация |
__ |
| a |
Аннотация |
Приведены типовые задачи и их развернутое решение позволяющее обучающимся получить навыки расчета практических электронных схем. Сборник представлен в форме удобной для проведения практических занятий и организации промежуточного контроля знаний студентов в виде контрольных работ сочетающих знание теоретического и практического материала. Для обучающихся УГН 11.00.00 «Электроника радиотехника и системы связи» и 13.00.00 «Электро- и теплоэнергетика» а также иных технических направлений (специальностей) изучающих общие электротехнические дисциплины. |
| 521 |
Примеч. о цел. назн. |
__ |
| a |
Примеч. о целев. назн. |
Профессиональное образование |
| 650 |
Тематические рубрики |
__ |
| a |
Основная рубрика |
Радиоэлектроника. Автоматика. Связь |
| x |
Основная подрубрика |
Теоретическая радиотехника |
| 655 |
Указ. предметных рубрик (устаревшее) |
__ |
| a |
Жанр/ форма (устаревшее) |
Учебное пособие |
| 856 |
Электронный адрес документа |
4_ |
| a |
Имя сервера/домена |
znanium.ru |
| m |
Помощь |
ebs_support@infra-m.ru |
| n |
Местонахождение сервера |
НИЦ ИНФРА-М |
| u |
URL |
https://znanium.ru/catalog/document?id=453227 |
| 856 |
Электронный адрес документа |
48 |
| a |
Имя сервера/домена |
znanium.ru |
| d |
Путь |
/cover/2173 |
| f |
Электронное имя |
2173261.jpg |
| q |
Тип электронного формата |
image/jpeg |
| u |
URL |
https://znanium.ru/cover/2173/2173261.jpg |
| 911 |
|
__ |
| u |
|
0030=https://znanium.ru/catalog/document?id=453227 |